LIBRARY ONLINE CATALOGUE

Prentice Hall literature : (Record no. 14751)

MARC details
000 -LEADER
fixed length control field 00671cam a22001932 4500
001 - CONTROL NUMBER
control field 0000025191
005 - DATE AND TIME OF LATEST TRANSACTION
control field 20151217160134.0
008 - FIXED-LENGTH DATA ELEMENTS--GENERAL INFORMATION
fixed length control field 150224s xx 000 0 eng d
020 ## - INTERNATIONAL STANDARD BOOK NUMBER
International Standard Book Number 0134364198 :
040 ## - CATALOGING SOURCE
Original cataloging agency KABU
Transcribing agency KABU
245 10 - TITLE STATEMENT
Title Prentice Hall literature :
Remainder of title timeless voices, timeless themes /
Statement of responsibility, etc. by Don Graham, ... [etal.].
250 ## - EDITION STATEMENT
Edition statement Penguin ed.
260 ## - PUBLICATION, DISTRIBUTION, ETC. (IMPRINT)
Place of publication, distribution, etc. Upper Saddle River :
Name of publisher, distributor, etc. Pearson Education,
Date of publication, distribution, etc. 2000.
300 ## - PHYSICAL DESCRIPTION
Extent 1 vol. (various paging) ;
650 #0 - SUBJECT ADDED ENTRY--TOPICAL TERM
Topical term or geographic name as entry element American literature
General subdivision study and teaching (secondary)
-- problems, exercises, etc.
-- 0000185422
908 ## - PUT COMMAND PARAMETER (RLIN)
Put command parameter 150224
950 ## - LOCAL HOLDINGS (RLIN)
-- 1
Holdings
Withdrawn status Lost status Source of classification or shelving scheme Not for loan Home library Current library Date acquired Total Checkouts Full call number Barcode Date last seen Price effective from Koha item type
    Library of Congress Classification   Kabarak, Main Campus Kabarak, Main Campus 17/12/2015   PS41 .P74 2000 c. 1 017267 17/12/2015 17/12/2015 Children Collection